000 00769nam a2200265 a 4500
008
020 _a0130131660 (pbk.)
049 _aMAIN
090 _aHG4027.5
_bBUC
100 1 _aBuckley, Adrian.
245 1 0 _aMultinational finance /
_cby Adrian Buckley.
250 _a4th ed.
260 _aNew York :
_bPrentice Hall,
_c2000.
300 _axvi, 798 p. ;
_c24 cm.
504 _aIncludes bibliographical references.
500 _aIncludes index.
650 0 _aInternational business enterprises
_xFinance.
650 0 _aForeign exchange.
650 0 _aInternational finance.
907 _a.b10294855
_b03-05-18
_c14-04-11
003
005 20230123125232.0
040 _cNUST
942 _cBOOKS
_kHG4027.5
_mBUC
999 _c138056
_d138056